Sports Quiz

Random Sports or Clickable Quiz

30 nba chain quiz easy Stats

 Plays Quiz not verified by Sporcle

Support Sporcle.
Go Orange.
Score 0/30 Timer 05:00
0 Plays Today
% Correct
???
94.4%
???
77.3%
???
76%
???
75.9%
???
50.5%
???
41.2%
???
35.1%
???
32.5%
???
30.8%
???
18.5%
???
18.3%
???
18.2%
???
17.5%
???
16.9%
???
16.7%
% Correct
???
15.9%
???
14.5%
???
14.4%
???
14.3%
???
14.1%
???
13.4%
???
11.1%
???
10.9%
???
10.7%
???
10.4%
???
9.6%
???
7.5%
???
7.5%
???
5.4%
???
5.2%

You're not logged in!

Compare scores with friends on all Sporcle quizzes.
OR
Log In

From the Vault

FIFA World Rankings Since 1993

by imabanana

Since FIFA rankings began in 1993, only 7 different teams have held the top rank. None of them are named USA.
Remove Ads.
Support Sporcle.
Get the best of Sporcle when you Go Orange. This ad-free experience offers more features, more stats, and more fun while also helping to support Sporcle. Thank you for becoming a member.

Show Comments

Extras

Created Dec 2, 2017ReportNominate
Tags:Clickable Quiz, NBA Quiz, Easy

Top Quizzes Today


Score Distribution

Your Account Isn't Verified!

In order to create a playlist on Sporcle, you need to verify the email address you used during registration. Go to your Sporcle Settings to finish the process.

Report this User

Report this user for behavior that violates our Community Guidelines.

Details: